02065fam a2200301 a 4500001000800000003000700008005001700015008004100032010001700073020001500090020002200105035002000127035002300147035001700170040001800187050002400205082002100229245010200250260003400352263000900386300003300395504005100428505096500479505024801444650002701692650002501719700001901744143337500001820220326193244.0930820s1994 nyua b 001 0 eng  a 93036230  a0415905915 a0415905923 (pbk.) a(OCoLC)28890180 a(OCoLC)ocm28890180 a(NNC)1433375 aDLCcDLCdNNC00aNX180.A77bS83 199400a700.103 bB395.s04aThe Subversive imagination :bartist, society, and social responsibility /cCarol Becker, editor. aNew York :bRoutledge,c1994. a9403 axx, 258 p. :bill. ;c24 cm. aIncludes bibliographical references and index.0 aIntroduction: Presenting the Problem / Carol Becker -- Pt. 1. Personal Responsibility and Political Contingencies. 1. The Prehistory of Art: Cultural Practices and Athenian Democracy / Page duBois. 2. A Plea for Irresponsibility / Ewa Kuryluk. 3. Dead Doll Prophecy / Kathy Acker. 4. The Heuristic Power of Art / Elizam Escobar. 5. Place, Position, Power, Politics / Martha Rosler. 6. The Velvet Revolution and Iron Necessity / Eva Hauser. 7. El Diario de Miranda/Miranda's Diary / Coco Fusco -- Pt. 2. Decolonizing the Imagination. 8. Herbert Marcuse and the Subversive Potential of Art / Carol Becker. 9. East and West - The Twain Do Meet: A Tale of More than Two Worlds / Felipe Ehrenberg. 10. Defining South African Literature for a New Nation / Njabulo S. Ndebele. 11. The Politics of Black Masculinity and the Ghetto in Black Film / Michael Eric Dyson. 12. Adjusting to the World According to Salman Rushdie / Ahmad Sadri -- Pt. 3. Theorizing the Future.0 a13. Benetton's "World Without Borders": Buying Social Change / Henry A. Giroux. 14. The Free Art Agreement/El Tratado de Libre Cultura / Guillermo Gomez-Pena. 15. Dissed and Disconnected: Notes on Present Ills and Future Dreams / B. Ruby Rich. 0aArtists and community. 0aArtistsxPsychology.1 aBecker, Carol.